000 00844cam a22002654a 4500
001 11778771
005 20180214073415.0
008 990811s2000 nyu b 001 0 eng
010 _a 99044982
020 _a0801436079 (cloth)
035 _a(DLC) 99044982
040 _aDLC
_cDLC
_dDLC
041 _aeng
042 _apcc
043 _an-us---
080 _a342.73085 ROT
082 0 0 _a342.73085 ROT
_221
100 1 _a50
101 _aSOC
245 1 0 _aMaking women pay :
_cRachel Roth.
504 _aIncludes bibliographical references (p. 203-229) and index.
906 _a7
_bcbc
_corignew
_d1
_eocip
_f19
_gy-gencatlg
942 _2ddc
_cBK
999 _c42506
_d42506